000 01106njm a22002537a 4500
005 20100906110713.0
007 sd ammalaaahaa
008 100830t xxu||||| |||| 00| 0 hin d
028 _aN. 88303
_bHis Master's Voice
035 _aGR-845
040 _aSED/VEN
100 _917458
_aMohd. Rafi
245 _aAai diwali ki dulhniyan-git bhag 1 /
_cby Mohd. Rafi ; music Dtn. TAj Ahamad ; lyric Madhukar Rajsthani
_h[Sound recording] :
246 _aआई दिवाली की दुल्हनियां-गीत (मोहद. रफ़ी)
260 _aDum Dum, India
_bHis Master's Voice
300 _a1 Sound disc [Gramophone Record] :
_banlog, 33 1/3 rpm
_c10 in (LP)
_fGramophone Records
500 _aBrief record
505 _aPhalak se utre jami pe tare-git (फलक से उतरे जमी पे तारे-गीत) भाग. 2
650 _aClasical music
_91186
_zIndia
_xExcerpts
700 _917459
_aTaj Ahmad
700 _aMadhukar Rasthani
_918539
942 _2ddc
_cGR
999 _c44062
_d44062